व्यावसायिक सन्नियम (Record no. 1014810)

MARC details
000 -LEADER
fixed length control field 00954nam a2200265Ia 4500
003 - CONTROL NUMBER IDENTIFIER
control field OSt
005 - DATE AND TIME OF LATEST TRANSACTION
control field 20221005105121.0
008 - FIXED-LENGTH DATA ELEMENTS--GENERAL INFORMATION
fixed length control field 221004b |||||||| |||| 00| 0 hin d
037 ## - SOURCE OF ACQUISITION
Terms of availability Textual
040 ## - CATALOGING SOURCE
Original cataloging agency CRL
Transcribing agency CRL
Language of cataloging hin
041 ## - LANGUAGE CODE
Source of code hin
Language code of text/sound track or separate title hin
100 ## - MAIN ENTRY--PERSONAL NAME
Personal name शर्मा, जे. पी.
245 #0 - TITLE STATEMENT
Title व्यावसायिक सन्नियम
246 ## - VARYING FORM OF TITLE
Title proper/short title Vyāvasāyik sanniyama
260 ## - PUBLICATION, DISTRIBUTION, ETC.
Place of publication, distribution, etc. दिल्ली
Name of publisher, distributor, etc. हिन्दी माध्यम कार्यान्वय निदेशालय भारत
Date of publication, distribution, etc. 2015
300 ## - PHYSICAL DESCRIPTION
Extent 631पृ.
Dimensions cm.
650 ## - SUBJECT ADDED ENTRY--TOPICAL TERM
Topical term or geographic name entry element कानून शास्त्र
700 ## - ADDED ENTRY--PERSONAL NAME
Personal name कनौजिया, सुनैना
942 ## - ADDED ENTRY ELEMENTS (KOHA)
Classification part Z2(X), 152Q5
Koha item type Textual
Source of classification or shelving scheme
Holdings
Withdrawn status Lost status Damaged status Not for loan Home library Current library Date acquired Total Checkouts Full call number Barcode Date last seen Price effective from Koha item type
        Central Library Central Library 2022-10-05   Z2(X) 152Q5 BL1171136 Bra 2022-10-05 2022-10-05 Textual
Copyright @ Delhi University Library System